|
|
|
|
| LEADER |
02503nam a2200565 aa4500 |
| 001 |
nkc20122370639 |
| 003 |
CZ PrNK |
| 005 |
20120817075218.0 |
| 007 |
ta |
| 008 |
120529s2011 xr aefhf 000 0 eng |
| 015 |
|
|
|a cnb002370639
|
| 020 |
|
|
|a 978-80-7308-384-7
|q (vol. 1 ;
|q váz.)
|
| 020 |
|
|
|a 978-80-7308-385-4
|q (vol. 2 ;
|q váz.)
|
| 035 |
|
|
|a (OCoLC)815376146
|
| 040 |
|
|
|a BOA001
|b cze
|d OLA001
|d ABA001
|
| 043 |
|
|
|a f-ua---
|
| 072 |
|
7 |
|a 902
|x Archeologie
|2 Konspekt
|9 8
|
| 080 |
|
|
|a 902.2
|2 MRF
|
| 080 |
|
|
|a 902:904
|2 MRF
|
| 080 |
|
|
|a (620)
|2 MRF
|
| 080 |
|
|
|a (621)
|2 MRF
|
| 080 |
|
|
|a (048.8:082)
|2 MRF
|
| 245 |
0 |
0 |
|a Abusir and Saqqara in the year 2010 /
|c Miroslav Bárta, Filip Coppens and Jaromír Krejčí (editors) ; [contributors Katarína Arias Kytnarová ... et al.]
|
| 250 |
|
|
|a Vyd. 1.
|
| 260 |
|
|
|a Prague :
|b Czech Institute of Egyptology, Faculty of Arts, Charles University in Prague,
|c 2011
|
| 300 |
|
|
|a 2 sv. (xxvi, 442 s., xxiv, s. 448-904, [28] s. obr. příl.) :
|b il. (některé barev.), plány, faksim. ;
|c 24 cm
|
| 500 |
|
|
|a Z technických důvodů vydáno ve 2 sv.
|
| 504 |
|
|
|a Obsahuje bibliografii a bibliografické odkazy
|
| 650 |
0 |
7 |
|a archeologické výzkumy
|7 ph118577
|z Egypt
|2 czenas
|
| 650 |
0 |
7 |
|a archeologické nálezy
|7 ph137683
|z Egypt
|2 czenas
|
| 650 |
0 |
9 |
|a excavations (archaeology)
|z Egypt
|2 eczenas
|
| 650 |
0 |
9 |
|a antiquities
|z Egypt
|2 eczenas
|
| 651 |
|
7 |
|a Abúsír (Egypt : archeologická lokalita)
|7 ge128633
|2 czenas
|
| 651 |
|
7 |
|a Sakkára (Egypt)
|7 ge295572
|2 czenas
|
| 651 |
|
9 |
|a Abusir (Egypt)
|2 eczenas
|
| 651 |
|
9 |
|a Saqqara (Egypt)
|2 eczenas
|
| 655 |
|
7 |
|a kolektivní monografie
|7 fd501537
|2 czenas
|
| 655 |
|
9 |
|a collective monographs
|2 eczenas
|
| 700 |
1 |
|
|a Bárta, Miroslav,
|d 1969-
|7 ola2002146301
|4 aut
|4 edt
|
| 700 |
1 |
|
|a Coppens, Filip,
|d 1970-
|7 mzk2009496273
|4 aut
|4 edt
|
| 700 |
1 |
|
|a Krejčí, Jaromír,
|d 1971-
|7 xx0015014
|4 aut
|4 edt
|
| 700 |
1 |
|
|a Arias Kytnarová, Katarína
|7 ola2012704776
|4 aut
|
| 910 |
2 |
|
|a BOA001
|b 2-1280.874
|s 1-2
|
| 928 |
9 |
|
|a Český egyptologický ústav Filozofické fakulty Univerzity Karlovy v Praze
|
| 928 |
9 |
|
|a Univerzita Karlova, Filozofická fakulta, Český egyptologický ústav
|
| 990 |
|
|
|a BK
|
| 995 |
|
|
|a 01
|
| 991 |
|
|
|b 201206
|c NOV
|j 902 ABU
|e n
|
| 996 |
6 |
|
|b 2610512204
|c 2-1280.874
|d Vol. 1
|v 1
|l MZK
|r Sklad / do 1 hodiny
|n 0
|p p.v.
|w 001253383
|u 000010
|a 1
|e BOA001
|j MZK50
|s P
|
| 996 |
6 |
|
|b 2610512205
|c 2-1280.874
|d Vol. 2
|v 2
|l MZK
|r Sklad / do 1 hodiny
|n 0
|p p.v.
|w 001253383
|u 000020
|a 1
|e BOA001
|j MZK50
|s P
|